Nucleic acid chemistry: Improved and new synthetic procedures, methods, and techniques. Pt 2 (Record no. 32368)

MARC details
000 -LEADER
fixed length control field 00379nam a2200121Ia 4500
082 ## - DEWEY DECIMAL CLASSIFICATION NUMBER
Classification number 547.963.32
Item number TOW
100 ## - MAIN ENTRY--AUTHOR NAME
Personal name Tipson, R Stuart
245 #0 - TITLE STATEMENT
Title Nucleic acid chemistry: Improved and new synthetic procedures, methods, and techniques. Pt 2
260 ## - PUBLICATION, DISTRIBUTION, ETC. (IMPRINT)
Place of publication New York
Name of publisher John Wiley
Year of publication 1978
700 ## - ADDED ENTRY--PERSONAL NAME
Personal name Townsend, Leroy B
942 ## - ADDED ENTRY ELEMENTS (KOHA)
Koha item type Books
Holdings
Withdrawn status Lost status Damaged status Not for loan Home library Current library Date acquired Cost, normal purchase price Full call number Accession Number Koha item type
        RRII Library RRII Library 16/12/2021 39.95 547.963.32 TOW 12887 Books